Statistiken für Sexiest Man Alive

Klicken Sie hier um das Quiz zu spielen!

Allgemein

  • Dieses Quiz wurde 93 mal gespielt
  • Das Durchschnittsergebnis liegt bei 9 aus 39

Antwortstatistiken

HintAntwort% Korrekt
2000Brad Pitt
69%
1995Brad Pitt
69%
1997George Clooney
67%
2006George Clooney
67%
2003Johnny Depp
46%
2009Johnny Depp
46%
2014Chris Hemsworth
43%
1990Tom Cruise
38%
2016Dwayne Johnson
30%
2010Ryan Reynolds
26%
1989Sean Connery
26%
2022Chris Evans
25%
2008Hugh Jackman
25%
2012Channing Tatum
23%
2015David Beckham
22%
2007Matt Damon
21%
2001Pierce Brosnan
20%
1993Richard Gere
20%
1999Richard Gere
20%
2020Michael B. Jordan
17%
1996Denzel Washington
16%
2018Idris Elba
14%
1994Keanu Reeves
14%
2002Ben Affleck
12%
2023Patrick Dempsey
12%
2021Paul Rudd
12%
2011Bradley Cooper
11%
1985Mel Gibson
11%
1998Harrison Ford
10%
2005Matthew McConaughey
10%
1991Patrick Swayze
10%
2013Adam Levine
6%
1988John F. Kennedy Jr.
6%
2004Jude Law
6%
1992Nick Nolte
6%
2019John Legend
5%
2017Blake Shelton
4%
1986Mark Harmon
2%
1987Harry Hamlin
1%

Verteilung der Resultate

Perzentil nach korrekt beantworteten Fragen

Anzahl Personen mit jedem Resultat

Ihre Resultats-Entwicklung

Sie haben dieses Quiz noch nicht gespielt